Es-tu incollable sur Desperate Housewives ? - Statistiques

Statistiques générales
  • Ce quiz a été pris 4 160 fois
  • Le résultat moyen est 16 sur 30
Statistiques - réponses
Hint Réponse % Correct
Comment s'appelle la mannequin de la série ? Gaby Solis
98%
Qui se suicide au début de la série ? Mary Alice Young
94%
Combien Tom a t-il d'enfants ? 6 (Porter, Preston, Parker, Penny, Paige, Kayla)
88%
Comment s'appelle le mari de Lynette ? Tom Scavo
86%
Combien d'enfant Karl mayer a ? 2
84%
Combien y a t-il de saisons ? 8
81%
Qui meurt à cause d'un crash d'avion ? Karl Mayer
80%
Qui va faire des lives "sexy ménage" ? Susan Delfino
77%
Quel est l'addiction de Bree ? L'alcool
71%
De qui Zack Young tombe il amoureux au début de la série ? Julie Mayer
70%
De quelle instrument joue Jenny, la fille de Bob et Lee ? Violon
69%
Quel fils Scavo est parti en Europe ? Preston Scavo
68%
Qui est George ? Le pharmacien / le petit-ami de Bree
66%
Comment s'appelle la mère de Carlos ? Juanita Solis
63%
Qui a tué Alejandro ? Carlos Solis
62%
Comment s'appelle le jardinier / amant de Gaby ? John Rholland
58%
Comment Edie Britt meurt ? Électrocutée
56%
Où part la nièce de Carlos ? New York
53%
Qui a enfermé son fils dans une cave ? Betty Applewhite
45%
Le métier du premier mari de Katherine Mayfair, Wayne Davis ? Officier de police
39%
Je suis l'étrangleur de Fairview... Eddie Orlofsky
36%
Je suis Alex, le mari de... Andrew Van de Kamp
29%
Qui est Benjamin ? Le fils de Danielle Van de Kamp
28%
Angie Bolen est mariée à... Nick Bolen
25%
Qui est Alma ? L'ex femme de Orson
19%
Comment s'appelle le fils de Edie ? Travers
15%
Quel est le projet de Paul pour Wisteria Lane à sa sortie de prison ? Maison de réinsertion
12%
Qui est Grace ? La fille biologique de Carlos et Gaby
11%
Comment s'appelle la mère de Lynette ? Stella Wingfield
8%
Qui est Umberto ? Le premier mari de Edie Britt
1%
Aucun quiz correspondant
Distribution des résultats
% des personnes avec chaque résultat
Percentile par nombre de réponses
Votre historique - résultats
Vous n’avez pas pris ce quiz